| 000 | 01048nam a22001817a 4500 | ||
|---|---|---|---|
| 999 |
_c59700 _d59700 |
||
| 003 | Ge_BSU | ||
| 005 | 20230404110353.0 | ||
| 008 | 230404s1964 ge ||||| |||| 00| 0 geo d | ||
| 041 | _ageo | ||
| 080 | _a902.2(479.22)+903.35(479.22)+725.1 ხ-34 | ||
| 100 |
_aხახუტაიშვილი, დავით _917457 |
||
| 245 |
_aუფლისციხე : _b[ტ.] 1 : 1957-1963 წწ. არქეოლოგიური კვლევა-ძიების შედეგები / _c დ. ხახუტაიშვილი ; საქ. სსრ მეცნ. აკად., ივ. ჯავახიშვილის სახ. ისტორიის, არქეოლოგიის და ეთნოგრაფიის ინ-ტი. |
||
| 264 |
_aთბილისი : _bმეცნიერება, _c1964. |
||
| 300 |
_a118 გვ.: _bტაბულები; _c26 სმ. |
||
| 653 | _aარქეოლოგიური კვლევა | ||
| 653 | _aუფლისციხე | ||
| 942 |
_2udc _cBK |
||